000 01273nam a2200313 c 4500
003 BLK
005 20180420224528.0
008 180408b bul|||||r ||||||| ||bul||
010 _aKNG00084940000
020 _a978-954-528-762-6
_bиздат.: Труд
040 _aBLK
041 _aBUL
_cBUL
080 _aФренска литература
_b821.133.1
_x-93-31
_z821.133.1-93-31
100 1 _aМало, Хектор
_eпърви автор
_9259281
700 1 _aМанолова, Гергана
_eпрев. от фр.
_9299663
139 _aМало, Хектор
_bМ 23
245 1 0 _aБез дом
_bРоман
_cХектор Мало; прев. от фр. Гергана Манолова.
257 _aFRA
260 София
_bТруд
_c2007
_fСофия : Д. Благоев
300 _a480 с.
_c21 см
380 _aDX
490 1 _aЗлатни детски книги
_v42
500 _aОриг. загл. Sans Famille / Hector Malot. - - 1. изд. 1956 на изд. Нар. младеж в За средна училищна възраст. - Офс. изд. - Съдържа и за авт.
852 _aЦб 240820
856 4 _qpdf
_u
856 4 _qpdf
_u
942 _cKNG
_n0
944 _aCR
_c20.08.2008
_kЛюдмила_Стоянова
944 _aED
_c11.09.2008
_k
999 _c80454
_d80454